| 000 | 00562 a2200193 4500 | ||
|---|---|---|---|
| 005 | 20240903125853.0 | ||
| 010 | _aB-760155 Ch-En | ||
| 020 |
_a9789357311984 _c299.00 |
||
| 035 | _aB-760155 | ||
| 037 | _bGift | ||
| 082 | _a915 | ||
| 100 |
_aZutshi, Vinita _970906 |
||
| 245 |
_aGeography Puzzles; _bFor Smart Kids 100 Brainteasers/ _cVinita Zutshi |
||
| 260 |
_aNew Delhi _bHachette India _c2023 |
||
| 270 | _aNew Delhi | ||
| 300 |
_a149 p. _c20 cm(Pb) |
||
| 942 |
_adpl _cCH _2ddc _h915 _mZUT |
||
| 999 |
_c205487 _d205487 |
||